Advanced programming in java / (Record no. 135706)

MARC details
000 -LEADER
fixed length control field 00743nam a22002177a 4500
005 - DATE AND TIME OF LATEST TRANSACTION
control field 20170124110248.0
010 ## - LIBRARY OF CONGRESS CONTROL NUMBER
LC control number B-106526
020 ## - INTERNATIONAL STANDARD BOOK NUMBER
Terms of availability 225.00
International Standard Book Number 8120324153
035 ## - SYSTEM CONTROL NUMBER
System control number B-106526
037 ## - SOURCE OF ACQUISITION
Source of stock number/acquisition Cen Lib/Ret
040 ## - CATALOGING SOURCE
Original cataloging agency DPL
Language of cataloging EN
082 ## - DEWEY DECIMAL CLASSIFICATION NUMBER
Classification number 005.13
Item number ADV
110 ## - MAIN ENTRY--CORPORATE NAME
Corporate name or jurisdiction name as entry element New Delhi.National Institiute of Information Technology
9 (RLIN) 98099
245 ## - TITLE STATEMENT
Title Advanced programming in java /
260 ## - PUBLICATION, DISTRIBUTION, ETC. (IMPRINT)
Name of publisher, distributor, etc Prentice Hall of India Private Limited
Place of publication, distribution, etc New Delhi
Date of publication, distribution, etc 2003
270 ## - ADDRESS
City New Delhi
Address M-97, Connaught Circus
Postal code 110001
300 ## - PHYSICAL DESCRIPTION
Extent vii,303p. :
Dimensions 24cm(pbk)
Other physical details ill.
650 ## - SUBJECT ADDED ENTRY--TOPICAL TERM
Topical term or geographic name as entry element Java (Computer program language) -- Syntax.
9 (RLIN) 98100
650 ## - SUBJECT ADDED ENTRY--TOPICAL TERM
Topical term or geographic name as entry element Object-oriented programming languages.
9 (RLIN) 98101
942 ## - ADDED ENTRY ELEMENTS (KOHA)
Source of classification or shelving scheme Dewey Decimal Classification
Koha item type English Books
Classification part 005.13
Call number suffix ADV
Holdings
Withdrawn status Lost status Damaged status Not for loan Home library Current library Date acquired Source of acquisition Cost, normal purchase price Total Checkouts Full call number Barcode Date last seen Copy number Cost, replacement price Price effective from Koha item type Public note Source of classification or shelving scheme Collection code Total Renewals Date checked out
        Central Library Central Library 07/10/2015 Cen Lib/Ret 225.00   005.13 ADV B-106526 07/10/2015 1 225.00 07/10/2015 English Books Legal Case (Register 2019)        
        Yojana Vihar Yojana Vihar 26/10/2018 BPPD/PUB 225.00 8 005.13 ADV B-106559 30/11/2024   225.00 26/10/2018 English Books   Dewey Decimal Classification Non-fiction 15 07/11/2024

© Delhi Public Library
Hit Counter
free hit counter